| 000 | 00470nam a2200145Ia 4500 | ||
|---|---|---|---|
| 008 | 231129s1999||||xx |||||||||||||| ||spa|| | ||
| 020 | _a958-8081-03-3 | ||
| 040 | _bspa | ||
| 082 | _aR 657.03 M754d | ||
| 100 | _aMonsalve T. Rodrigo | ||
| 245 | 0 | _aDiccionario integrado contable fiscal : Compilación de normas | |
| 260 | _c1999 | ||
| 264 | _aMedellin Colombia : Centro Interamericano jurídico - financiero | ||
| 942 |
_2ddc _cBKS |
||
| 999 |
_c9472 _d9472 |
||